000 02392cam a2200361 i 4500
001 768714001
003 CO-MdFUSB
005 20220412101909.0
007 ta
008 000516t2000 mnua b 001 0 eng
020 _a0800632494
040 _aDLC
_cCO-MdFUSB
_bspa
_dCO-MdFUSBC
_erda
041 _aeng
082 0 0 _a223.906
_223
_bW223
100 1 _aWalsh, Carey,
_d1960-
_eautor
245 1 0 _aExquisite desire :
_breligion, the erotic, and the Song of songs
_c/ Carey Ellen Walsh.
264 1 _aMinneapolis :
_bFortress Press,
_c[2000]
264 4 _c© 2000
300 _a245 p. :
_bilustraciones ;
_c22 cm.
336 _2rdacontent
_atexto
_btxt
337 _2rdamedia
_asin mediación
_bn
338 _2rdacarrier
_avolumen
_bnc
504 _aIncluye referencias bibliográficas (p. 235-239) e índice.
505 _aUna cuestión de deseo: ¿hay alguna explicación para el gusto bíblico? -- Erótica en la Biblia: "desfallecer de amor" -- Coqueteo bíblico -- Un corazón embriagado -- "Embriagado de amor" -- Voz de mujer en el canon: "una yegua entre los carros de Faraón" -- Pasión feroz como la tumba : muerte y deseo -- Anhelo espiritual.
520 _aCarey Walsh investiga el carácter erótico en los escritos del antiguo Israel, particularmente el Cantar de los Cantares, y cómo lo erótico está conectado con la experiencia de lo divino". “En el Cantar, lo erótico se expresa en términos de deseo. El deseo y el anhelo del autor del texto, que se supone que es una mujer, se ve acentuado por la ausencia periódica de su amante masculino. El Cantar, por lo tanto, no es una alegoría del amor de Dios. por Israel o el amor de Cristo por la iglesia, como a menudo se ha entendido, sino esencialmente un libro sobre lo mucho que dos personas se aman y se desean". Walsh señala que la experiencia del deseo, el querer y el anhelo sensuales no está ajena a nuestro yo espiritual. Porque nuestra búsqueda espiritual es precisamente el anhelo de significado, el deseo hambriento de él. y el doloroso enfrentamiento con su ausencia periódica. Anhelamos una relación con lo Divino, aunque a menudo experimentamos su ausencia.”
563 _aRústico
630 7 _aBiblia.
_pCantares
_xCrítica, interpretación, etc.
650 0 _aSexo
_91346
653 _aErotismo en la biblia.
942 _cBK
945 _aJTF-925
999 _c67479
_d67479